000 00320nam a2200133Ia 4500
008 191201s2005 xx 000 0 und d
100 _aPradhan, Homat
245 0 _aBusiness Communication
250 _a4th
260 _c2005
_bHimala Publication House
_aN.Delhi
300 _a471
650 _aMBA
942 _2ddc
_cBB
_034
999 _c7208
_d7208